00447 2200169 4500001002100000008004100021035002000062245003300082100001600115260004700131300002600178020002200204084001400226082000800240650001600248990001300264INLIS000000000001057 ind  a0010-0120001057 aPesantren ImpiancAsma Nadia aNadia, Asma aDepok :bAsmanadia Publishing House,c2014 a340 hlm.c20 x 13 cm. a978-602-9055-29-0 a813 NAD p a813 aNovel Fiksi a11900571